| 000 | 01683 am a2200397 a 4500 | ||
|---|---|---|---|
| 005 | 20240625104501.0 | ||
| 008 | 100603s1994||||nyua f |||| 001 0 spa d | ||
| 020 | _aS/N | ||
| 041 | _aspa | ||
| 092 |
_c616.5 _l28 _sGEL |
||
| 100 | 1 |
_aGelmetti, Carlo. _eEd. _91203 |
|
| 245 |
_aDermatología pediátrica. _bDebates y conceptos actuales / _cCarlo Gelmetti. |
||
| 250 | _a1a ed. | ||
| 260 |
_aNew York: _bElocon ; DM Medical Publishing; _c1994. |
||
| 300 | _a211 p. | ||
| 500 | _aGelmetti, C. (Ed.). (1994). Dermatología pediátrica. Debates y conceptos actuales. (1a ed.). New York : Elocon ; DM Medical Publishing. | ||
| 653 | _aLimpieza de la piel infantil | ||
| 653 | _aDermatitis seborreica infantil | ||
| 653 | _aDermatitis de los pañales: diagnóstico toppográfico y guías terapéuticas | ||
| 653 | _aNuevos conceptos y adelantos recientes en las enfermedades cutáneas genéticas | ||
| 653 | _aMedio ambiente en la dematitis atópica | ||
| 653 | _aPapel desempeñado por los alimentos en la dermatitis atópica | ||
| 653 | _aSíndrome de Gianotti-Crosti: historia, debates y situación actual | ||
| 653 | _aLupus erimatoso en niños | ||
| 653 | _aReacción del injerto contra el huésped | ||
| 653 | _aVasculitis cutáneas en niños | ||
| 653 | _aDermatosis inmunoampollares en la niñez | ||
| 653 | _aPanniculitis en la niñez | ||
| 653 | _aTratamiento de la histiocitosis de las células de Langerhans | ||
| 653 | _aControversia sobre las anormalidades vasculares superficiales | ||
| 653 | _aInfecciones anogenitales por papilomavirus humano en niños | ||
| 653 | _aAbuso infantil | ||
| 930 | _a1726 | ||
| 930 | _a1671 | ||
| 942 |
_2ddc _cBK |
||
| 999 |
_c342 _d342 |
||